| 000 | 00346nam a22001577a 4500 | ||
|---|---|---|---|
| 003 | SGT | ||
| 020 | _a9788182967052 | ||
| 082 |
_a616.01 _bM21B |
||
| 100 | _aBAVEJA, C.P. | ||
| 245 | _aTB. OF MICROBIOLOGY FOR NURSING | ||
| 250 | _a6TH | ||
| 260 |
_aINDIA _bARYA PUB _c2021 |
||
| 300 | _a294 | ||
| 650 | _aMICROBIOLOGY | ||
| 942 |
_2ddc _cBK _0206 |
||
| 999 |
_c21938 _d21938 |
||